Nación y nacionalismo en Chile. siglo XIX
Saved in:
| Main Authors: | , |
|---|---|
| Format: | Bog |
| Sprog: | spansk |
| Udgivet: |
Santiago
Centro de Estudios Bicentenario
2009
|
| Fag: | |
| Tags: |
Tilføj Tag
Ingen Tags, Vær først til at tagge denne postø!
|
MARC
| LEADER | 00000cam a2200000 a 4500 | ||
|---|---|---|---|
| 001 | UCG1225 | ||
| 003 | CL-VaPUC | ||
| 008 | 100429e20090000CL |||||||||||||||||spa|d | ||
| 020 | |a 9789568147839 | ||
| 082 | 0 | 4 | |a 320.983 |b CID |2 21 |
| 100 | 0 | |a Cid, Gabriel |e author |9 549032 | |
| 700 | 0 | |a San Fraancisco, Alejandro |e author |9 549033 | |
| 245 | 1 | 0 | |a Nación y nacionalismo en Chile. siglo XIX |
| 300 | |a 2 v | ||
| 942 | |c BK | ||
| 945 | |d 20100429 00:00:00 |a rbrito | ||
| 260 | |a Santiago |b Centro de Estudios Bicentenario |c 2009 | ||
| 650 | 7 | |a POLITICA Y GOBIERNO SIGLO 19 |2 CL-VaPUC |9 323158 | |
| 650 | 0 | |a Estado |9 255503 | |
| 650 | 7 | |a NACIONALISMO |2 CL-VaPUC |9 549034 | |
| 650 | 0 | |a Historiografía |9 257871 | |
| 583 | |a last modification |c 20130625 11:38:15 |k Rodrigo Vera | ||
| 999 | |c 340634 |d 340632 | ||
| 952 | |0 0 |1 0 |4 0 |6 320_983000000000000_CID_2009 |7 0 |8 A |9 435512 |a BIBHIS |b BIBHIS |d 2019-11-22 |h v.1 |i 4667832 |l 6 |o 320.983 CID 2009 |p 4667832 |r 2025-01-20 |s 2023-10-24 |w 2019-11-22 |y BK |k HIS | ||
| 952 | |0 0 |1 0 |4 0 |6 320_983000000000000_CID_2009 |7 0 |8 A |9 435513 |a BIBHIS |b BIBHIS |d 2019-11-22 |h v.1 |i 4667840 |l 3 |o 320.983 CID 2009 |p 4667840 |r 2025-01-20 |s 2023-10-30 |w 2019-11-22 |y BK |k HIS | ||
| 952 | |0 0 |1 0 |4 0 |6 320_983000000000000_CID_2009 |7 0 |8 A |9 435514 |a BIBHIS |b BIBHIS |d 2019-11-22 |h v.1 |i 4667859 |l 5 |o 320.983 CID 2009 |p 4667859 |r 2025-01-20 |s 2024-09-23 |w 2019-11-22 |y BK |k HIS | ||
| 952 | |0 0 |1 0 |4 0 |6 320_983000000000000_CID_2009 |7 0 |8 A |9 435515 |a BIBHIS |b BIBHIS |d 2019-11-22 |h v.2 |i 4667867 |o 320.983 CID 2009 |p 4667867 |r 2025-01-20 |w 2019-11-22 |y BK |k HIS | ||
| 952 | |0 0 |1 0 |4 0 |6 320_983000000000000_CID_2009 |7 0 |8 A |9 435516 |a BIBHIS |b BIBHIS |d 2019-11-22 |h v.2 |i 4667875 |l 3 |o 320.983 CID 2009 |p 4667875 |r 2025-01-20 |s 2023-05-15 |w 2019-11-22 |y BK |k HIS | ||
| 952 | |0 0 |1 0 |4 0 |6 320_983000000000000_CID_2009 |7 0 |8 A |9 435517 |a BIBHIS |b BIBHIS |d 2019-11-22 |h v.2 |i 4667883 |o 320.983 CID 2009 |p 4667883 |r 2025-01-20 |w 2019-11-22 |y BK |k HIS | ||
| 952 | |0 0 |1 0 |4 0 |6 320_983000000000000_CID_2009 |7 0 |8 A |9 435518 |a BIBHIS |b BIBHIS |d 2019-11-22 |h v.1 |i 4696166 |l 4 |m 1 |o 320.983 CID 2009 |p 4696166 |r 2025-01-20 |s 2024-03-20 |w 2019-11-22 |y BK |k HIS | ||
| 952 | |0 0 |1 0 |4 0 |6 320_983000000000000_CID_2009 |7 0 |8 A |9 435519 |a BIBHIS |b BIBHIS |d 2019-11-22 |h v.1 |i 4696174 |l 1 |o 320.983 CID 2009 |p 4696174 |r 2025-01-20 |s 2024-08-29 |w 2019-11-22 |y BK |k HIS | ||
| 952 | |0 0 |1 0 |4 0 |6 320_983000000000000_CID_2009 |7 0 |8 A |9 435520 |a BIBHIS |b BIBHIS |d 2019-11-22 |h v.1 |i 4696182 |l 4 |m 1 |o 320.983 CID 2009 |p 4696182 |r 2025-01-20 |s 2023-10-23 |w 2019-11-22 |y BK |k HIS | ||
| 952 | |0 0 |1 0 |4 0 |6 320_983000000000000_CID_2009 |7 0 |8 A |9 435521 |a BIBHIS |b BIBHIS |d 2019-11-22 |h v.1 |i 4696190 |l 2 |o 320.983 CID 2009 |p 4696190 |r 2025-01-20 |s 2023-10-24 |w 2019-11-22 |y BK |k HIS | ||
| 952 | |0 0 |1 0 |4 0 |6 320_983000000000000_CID_2009 |7 0 |8 A |9 435522 |a BIBHIS |b BIBHIS |d 2019-11-22 |h v.1 |i 4696204 |l 5 |o 320.983 CID 2009 |p 4696204 |r 2025-01-20 |s 2024-08-28 |w 2019-11-22 |y BK |k HIS | ||
| 952 | |0 0 |1 0 |4 0 |6 320_983000000000000_CID_2009 |7 0 |8 A |9 435523 |a BIBHIS |b BIBHIS |d 2019-11-22 |h v.1 |i 4696212 |l 1 |o 320.983 CID 2009 |p 4696212 |r 2025-01-20 |s 2024-08-29 |w 2019-11-22 |y BK |k HIS | ||
| 952 | |0 0 |1 0 |4 0 |6 320_983000000000000_CID_2009 |7 0 |8 A |9 435524 |a BIBHIS |b BIBHIS |d 2019-11-22 |h v.1 |i 4696220 |l 4 |o 320.983 CID 2009 |p 4696220 |r 2025-01-20 |s 2024-11-04 |w 2019-11-22 |y BK |k HIS | ||
| 952 | |0 0 |1 0 |4 0 |6 320_983000000000000_CID_2009 |7 0 |8 A |9 435525 |a BIBHIS |b BIBHIS |d 2019-11-22 |h v.1 |i 4696239 |l 8 |o 320.983 CID 2009 |p 4696239 |r 2025-01-20 |s 2024-10-14 |w 2019-11-22 |y BK |k HIS | ||
| 952 | |0 0 |1 0 |4 0 |6 320_983000000000000_CID_2009 |7 0 |8 A |9 435526 |a BIBHIS |b BIBHIS |d 2019-11-22 |h v.1 |i 4696247 |l 2 |o 320.983 CID 2009 |p 4696247 |r 2025-01-20 |s 2024-10-18 |w 2019-11-22 |y BK |k HIS | ||
| 952 | |0 0 |1 0 |4 0 |6 320_983000000000000_CID_2009 |7 0 |8 A |9 435527 |a BIBHIS |b BIBHIS |d 2019-11-22 |h v.1 |i 4696255 |l 4 |o 320.983 CID 2009 |p 4696255 |r 2025-01-20 |s 2024-10-18 |w 2019-11-22 |y BK |k HIS | ||
| 952 | |0 0 |1 0 |4 0 |6 320_983000000000000_CID_2009 |7 0 |8 A |9 435528 |a BIBHIS |b BIBHIS |d 2019-11-22 |h v.2 |i 4696263 |o 320.983 CID 2009 |p 4696263 |r 2025-01-20 |w 2019-11-22 |y BK |k HIS | ||
| 952 | |0 0 |1 0 |4 0 |6 320_983000000000000_CID_2009 |7 0 |8 A |9 435529 |a BIBHIS |b BIBHIS |d 2019-11-22 |h v.2 |i 4696271 |o 320.983 CID 2009 |p 4696271 |r 2025-01-20 |w 2019-11-22 |y BK |k HIS | ||
| 952 | |0 0 |1 0 |4 0 |6 320_983000000000000_CID_2009 |7 0 |8 A |9 435530 |a BIBHIS |b BIBHIS |d 2019-11-22 |h v.2 |i 469628K |l 2 |o 320.983 CID 2009 |p 469628K |r 2025-01-20 |s 2024-11-04 |w 2019-11-22 |y BK |k HIS | ||
| 952 | |0 0 |1 0 |4 0 |6 320_983000000000000_CID_2009 |7 0 |8 A |9 435531 |a BIBHIS |b BIBHIS |d 2019-11-22 |h v.2 |i 4696298 |l 4 |o 320.983 CID 2009 |p 4696298 |r 2025-04-16 |s 2025-03-18 |w 2019-11-22 |y BK |k HIS | ||
| 952 | |0 0 |1 0 |4 0 |6 320_983000000000000_CID_2009 |7 0 |8 A |9 435532 |a BIBHIS |b BIBHIS |d 2019-11-22 |h v.2 |i 4696301 |l 2 |o 320.983 CID 2009 |p 4696301 |r 2025-01-20 |s 2023-07-10 |w 2019-11-22 |y BK |k HIS | ||
| 952 | |0 0 |1 0 |4 0 |6 320_983000000000000_CID_2009 |7 0 |8 A |9 435533 |a BIBHIS |b BIBHIS |d 2019-11-22 |h v.2 |i 469631K |l 1 |o 320.983 CID 2009 |p 469631K |r 2025-01-20 |s 2022-06-07 |w 2019-11-22 |y BK |k HIS | ||
| 952 | |0 0 |1 0 |4 0 |6 320_983000000000000_CID_2009 |7 0 |8 A |9 435534 |a BIBHIS |b BIBHIS |d 2019-11-22 |h v.2 |i 4696328 |l 1 |o 320.983 CID 2009 |p 4696328 |r 2025-01-20 |s 2022-08-08 |w 2019-11-22 |y BK |k HIS | ||
| 952 | |0 0 |1 0 |4 0 |6 320_983000000000000_CID_2009 |7 0 |8 A |9 435535 |a BIBHIS |b BIBHIS |d 2019-11-22 |h v.2 |i 4696336 |l 1 |m 1 |o 320.983 CID 2009 |p 4696336 |r 2025-01-20 |s 2023-05-15 |w 2019-11-22 |y BK |k HIS | ||
| 952 | |0 0 |1 0 |4 0 |6 320_983000000000000_CID_2009 |7 0 |8 A |9 435536 |a BIBHIS |b BIBHIS |d 2019-11-22 |h v.2 |i 4696344 |l 2 |o 320.983 CID 2009 |p 4696344 |r 2025-01-20 |s 2024-04-16 |w 2019-11-22 |y BK |k HIS | ||
| 952 | |0 0 |1 0 |4 0 |6 320_983000000000000_CID_2009 |7 0 |8 A |9 435537 |a BIBHIS |b BIBHIS |d 2019-11-22 |h v.2 |i 4696352 |l 1 |o 320.983 CID 2009 |p 4696352 |r 2025-01-20 |s 2023-09-13 |w 2019-11-22 |y BK |k HIS | ||
| 952 | |0 0 |1 0 |4 0 |6 320_983000000000000_CID_2009 |7 0 |8 A |9 435538 |a BIBCUR |b BIBCUR |d 2019-11-22 |h v.1 |i 4982916 |o 320.983 CID 2009 |p 4982916 |r 2025-04-22 |w 2019-11-22 |y BK |k PER | ||